[Event "Spring Scrapper"]
[Site "SchemingMind.com"]
[Date "2015.05.11"]
[Round "-"]
[White "Stephen Woodhouse"]
[Black "Scooter"]
[Result "1-0"]
[WhiteCountry "ENG"]
[BlackCountry "USA"]
[WhiteElo "1879"]
[WhiteRD "50"]
[BlackElo "1716"]
[BlackRD "45"]
[GameID "379744"]

1. e4 c6 2. d4 d5 3. exd5 cxd5 4. c4 Nf6 5. Nc3 e6 6. Nf3 Be7 7. cxd5 Nxd5 8. Bc4 Nxc3 9. bxc3 O-O 10. O-O a6
11. Qe2 Nc6 12. Bf4 b5 13. Bd3 h6 14. Qe4 f5 15. Qxc6 Bd7 16. Qc7
1-0

[Event "Spring Scrapper"]
[Site "SchemingMind.com"]
[Date "2015.05.12"]
[Round "-"]
[White "kenneth m day"]
[Black "Stephen Woodhouse"]
[Result "0-1"]
[WhiteCountry "USA"]
[BlackCountry "ENG"]
[WhiteElo "1692"]
[WhiteRD "52"]
[BlackElo "1872"]
[BlackRD "48"]
[GameID "379745"]

1. e4 e6 2. d4 d5 3. Nc3 Nf6 4. e5 Nfd7 5. Qg4 c5 6. Be3 cxd4 7. Bxd4 Nc6 8. Nf3 Nxd4 9. Qxd4 Bc5 10. Qf4 Qb6
11. O-O-O Bxf2 12. Nd4 Bxd4 13. Rxd4 a6 14. Bd3 Nc5 15. Rb4 Nxd3+ 16. cxd3 Qc7 17. Kb1 Bd7 18. Rc1 Bc6 19. Ne2 O-O 20. Nd4 Qd7
21. Nf3 Bb5 22. d4 Rac8 23. Rb3 Rxc1+ 24. Kxc1 Rc8+ 25. Rc3 Rxc3+ 26. bxc3 Qc7 27. Kb2 Qc4 28. Qd2 Qe2 29. Qxe2 Bxe2 30. Nd2 Kf8
31. Ka3 Ke7 32. Kb4 b6 33. a4 Kd7 34. c4 Bxc4 35. Nxc4 dxc4 36. Kxc4 Kc6 37. g4 b5+ 38. axb5+ axb5+ 39. Kb4 Kd5 40. Kxb5 Kxd4
0-1

[Event "Spring Scrapper"]
[Site "SchemingMind.com"]
[Date "2015.05.11"]
[Round "-"]
[White "Stephen Woodhouse"]
[Black "kenneth m day"]
[Result "1-0"]
[WhiteCountry "ENG"]
[BlackCountry "USA"]
[WhiteElo "1872"]
[WhiteRD "48"]
[BlackElo "1692"]
[BlackRD "52"]
[GameID "379746"]

1. e4 e5 2. Nf3 Nc6 3. d4 exd4 4. Nxd4 Bc5 5. Be3 Qf6 6. c3 Nge7 7. Bc4 Ne5 8. Be2 d5 9. O-O dxe4 10. Nb5 Bd6
11. Bc5 O-O 12. Nxd6 cxd6 13. Qxd6 Qxd6 14. Bxd6 N5c6 15. Nd2 Rd8 16. Nxe4 Bf5 17. Bxe7 Nxe7 18. Ng3 Bg6 19. Rad1 Nc6 20. Rxd8+ Rxd8
21. Rd1 Rxd1+ 22. Bxd1 f5 23. Bf3 Kf8 24. Kf1 Ke7 25. Ke2 Kd6 26. Bxc6 Kxc6 27. f4 Kd6 28. Kd3 Ke6 29. Kd4 Be8 30. Nf1 Bc6
31. Ne3 g6 32. g3 b6 33. Nc4 Bd5 34. b3 Be4 35. Ne5 Bb7 36. c4 Be4 37. c5 bxc5+ 38. Kxc5 Bc2 39. Nc6 a6 40. Nb4 Bb1
41. Nxa6 Bxa2 42. b4 Bd5 43. Nc7+
1-0

[Event "Spring Scrapper"]
[Site "SchemingMind.com"]
[Date "2015.05.12"]
[Round "-"]
[White "Simon Green"]
[Black "Stephen Woodhouse"]
[Result "0-1"]
[WhiteCountry "ENG"]
[BlackCountry "ENG"]
[WhiteElo "1606"]
[WhiteRD "54"]
[BlackElo "1879"]
[BlackRD "50"]
[GameID "379747"]

1. d4 e6 2. e3 d5 3. Bd3 c5 4. c3 Nc6 5. f4 f5 6. Nf3 Nf6 7. O-O Bd6 8. Ne5 O-O 9. Nd2 Ne4 10. Bxe4 fxe4
11. Rf2 cxd4 12. cxd4 Nxe5 13. fxe5 Be7 14. Rxf8+ Qxf8 15. Nf1 Bd7 16. Ng3 Qf7 17. Bd2 Bb5 18. Qb3 Bc4 19. Qxb7 Rf8 20. Qxa7 Qf2+
21. Kh1 Bf1
0-1

[Event "Spring Scrapper"]
[Site "SchemingMind.com"]
[Date "2015.05.12"]
[Round "-"]
[White "Stephen Woodhouse"]
[Black "Simon Green"]
[Result "1-0"]
[WhiteCountry "ENG"]
[BlackCountry "ENG"]
[WhiteElo "1879"]
[WhiteRD "50"]
[BlackElo "1606"]
[BlackRD "54"]
[GameID "379748"]

1. e4 e6 2. d4 d5 3. Nd2 Nf6 4. e5 Nfd7 5. f4 c5 6. c3 c4 7. Ngf3 Nc6 8. Be2 Be7 9. Nf1 b5 10. g4 b4
11. Ng3 bxc3 12. bxc3 Bh4 13. Kf2 Bxg3+ 14. Kxg3 O-O 15. Ba3 Ne7 16. Qc2 f5 17. g5 Re8 18. h4 Nf8 19. Rag1 g6 20. Bd1 Bd7
21. Qh2 Qa5 22. Bb4 Qb6 23. h5 a5 24. Bc5 Qb7 25. hxg6 Nexg6 26. Nh4 Bc6 27. Bh5 Qg7 28. Rb1 Rab8 29. Bd6 Rxb1 30. Rxb1 Rd8
31. Rb6 Bd7 32. Rb7 a4 33. Bd1 Nxh4 34. Qxh4 Ng6 35. Qh2 Ne7 36. Bxa4 Bxa4 37. Rxe7 Qg6 38. Qh6 Qxh6 39. gxh6 Rd7 40. Rxe6 Bc2
41. Kh4 Ra7 42. Re8+ Kf7 43. Rf8+ Kg6 44. Rg8+
1-0

[Event "Spring Scrapper"]
[Site "SchemingMind.com"]
[Date "2015.05.12"]
[Round "-"]
[White "Stephen Woodhouse"]
[Black "jerryface"]
[Result "1-0"]
[WhiteCountry "ENG"]
[BlackCountry "USA"]
[WhiteElo "1872"]
[WhiteRD "48"]
[BlackElo "1512"]
[BlackRD "72"]
[GameID "379749"]

1. e4 e5 2. Nf3 Nc6 3. d4 d6 4. Bb5 Bd7 5. O-O a6 6. Bxc6 Bxc6 7. dxe5 Bxe4 8. exd6 Qxd6 9. Qxd6 Bxd6 10. Re1 f5
11. Nc3 Nf6 12. Ng5 O-O 13. Ngxe4 fxe4 14. Nxe4 Nxe4 15. Rxe4 Bc5 16. Be3 Bxe3 17. Rxe3 Rad8 18. Rd3 Rxd3 19. cxd3 Rd8 20. Rd1 Rd4
21. f3 c5 22. Kf2 Ra4 23. a3 b5 24. Rc1 c4 25. dxc4 bxc4 26. Ke3 Kf7 27. Kd4 c3+ 28. Kxc3 Rh4 29. h3 Ke6 30. b4 Ke5
31. Rb1 a5 32. b5
1-0

[Event "Spring Scrapper"]
[Site "SchemingMind.com"]
[Date "2015.05.12"]
[Round "-"]
[White "jerryface"]
[Black "Stephen Woodhouse"]
[Result "0-1"]
[WhiteCountry "USA"]
[BlackCountry "ENG"]
[WhiteElo "1512"]
[WhiteRD "72"]
[BlackElo "1872"]
[BlackRD "48"]
[GameID "379750"]

1. e4 e6 2. Nf3 d5 3. exd5 exd5 4. d4 Bd6 5. Nc3 Ne7 6. Bd3 O-O 7. O-O c6 8. Bg5 f6 9. Bh4 Bf5 10. Re1 Bxd3
11. Qxd3 Nd7 12. Re3 Re8 13. g3 Ng6 14. Rae1 Rxe3 15. Rxe3 Nb6 16. b3 Qd7 17. Qe2 Kf7 18. Ne1 Bb4 19. Nf3 Re8 20. Nd1 Nxh4
21. Nxh4 Rxe3 22. Qxe3 Qe6 23. Qxe6+ Kxe6 24. c3 Be7 25. f4 Nc8 26. f5+ Kf7 27. Ne3 Nd6 28. g4 Ne4 29. Nd1 Bd6 30. Kg2 Bf4
31. c4 dxc4 32. bxc4 Nd6 33. c5 Nb5 34. Nf3 Nc7 35. Nc3 Nd5 36. Nxd5 cxd5 37. Kf2 Ke7 38. a4 Kd7 39. Ke2 Kc6 40. Kd3 b6
41. cxb6 Kxb6 42. Kc3 Bd6 43. h4 Kc6 44. Kd3= Kd7
0-1

[Event "Spring Scrapper"]
[Site "SchemingMind.com"]
[Date "2015.05.13"]
[Round "-"]
[White "Stephen Woodhouse"]
[Black "Helga1946"]
[Result "0-1"]
[WhiteCountry "ENG"]
[BlackCountry "GER"]
[WhiteElo "1879"]
[WhiteRD "50"]
[BlackElo "2225"]
[BlackRD "77"]
[GameID "379751"]

1. e4 e5 2. Nf3 Nc6 3. d4 exd4 4. Nxd4 Nf6 5. Nc3 Bb4 6. Nxc6 bxc6 7. Bd3 O-O 8. O-O Re8 9. Bg5 h6 10. Bh4 d6
11. Qf3 g5 12. Bg3 Bg4 13. Qe3 d5 14. Qd4 c5
0-1

[Event "Spring Scrapper"]
[Site "SchemingMind.com"]
[Date "2015.05.13"]
[Round "-"]
[White "Helga1946"]
[Black "Stephen Woodhouse"]
[Result "1-0"]
[WhiteCountry "GER"]
[BlackCountry "ENG"]
[WhiteElo "2239"]
[WhiteRD "77"]
[BlackElo "1834"]
[BlackRD "49"]
[GameID "379752"]

1. e4 e6 2. d4 d5 3. Nc3 Nf6 4. Bg5 dxe4 5. Nxe4 Be7 6. Bxf6 Bxf6 7. Nf3 O-O 8. Bc4 Nd7 9. Qe2 a6 10. c3 b5
11. Bd3 Bb7 12. O-O Qe7 13. a4 b4 14. Rfc1 c5 15. cxb4 cxb4 16. Rc7 Bxe4 17. Bxe4 Rab8 18. Qxa6 Rfd8 19. a5 b3 20. Qc6
1-0

[Event "Spring Scrapper"]
[Site "SchemingMind.com"]
[Date "2015.05.12"]
[Round "-"]
[White "fouche"]
[Black "Gerrish Gray"]
[Result "0-1"]
[WhiteCountry "COL"]
[BlackCountry "ENG"]
[WhiteElo "1596"]
[WhiteRD "62"]
[BlackElo "2104"]
[BlackRD "96"]
[GameID "379765"]

1. e4 e6 2. d4 d5 3. Nc3 Bb4 4. exd5 exd5 5. Nf3 c6 6. Bd2 Bf5 7. Be2 Nf6 8. O-O O-O 9. Ne5 Nbd7 10. f4 Bxc3
11. bxc3 Nb6 12. a4 a5 13. Be3 Ne4 14. Qe1 f6 15. Nf3 Nd6 16. Nh4 Bxc2 17. Bd1 Bxd1 18. Qxd1 Nbc4 19. Bc1 Re8 20. Ra2 Qe7
21. Raf2 b5 22. axb5 cxb5 23. Qg4 Qe4 24. h3 a4 25. Kh2 a3 26. Rf3 a2 27. Rg3 Re7 28. Nf3 a1=Q 29. h4 Qf5
0-1

[Event "Spring Scrapper"]
[Site "SchemingMind.com"]
[Date "2015.05.12"]
[Round "-"]
[White "Gerrish Gray"]
[Black "fouche"]
[Result "1-0"]
[WhiteCountry "ENG"]
[BlackCountry "COL"]
[WhiteElo "2104"]
[WhiteRD "96"]
[BlackElo "1596"]
[BlackRD "62"]
[GameID "379766"]

1. d4 e6 2. c4 d5 3. Nc3 Nf6 4. cxd5 exd5 5. Bg5 Be7 6. e3 O-O 7. Bd3 c6 8. Nf3 Re8 9. Qc2 h6 10. Bf4 Nbd7
11. O-O Bb4 12. a3 Ba5 13. b4 Bb6 14. h3 Nf8 15. Rfc1 a6 16. Na4 Ba7 17. Nc5 b6 18. Nxa6 Bb7 19. Nc7 Rc8 20. Nxe8 Qxe8
21. Nh4 Ne4 22. Nf5 Qe6 23. Bxe4 dxe4 24. Nd6 Rb8 25. Qa4 Rd8 26. Nxb7
1-0

[Event "Spring Scrapper"]
[Site "SchemingMind.com"]
[Date "2015.05.16"]
[Round "-"]
[White "David Hartley"]
[Black "Gerrish Gray"]
[Result "0-1"]
[WhiteCountry "ENG"]
[BlackCountry "ENG"]
[WhiteElo "1773"]
[WhiteRD "62"]
[BlackElo "2142"]
[BlackRD "92"]
[GameID "379767"]

1. e4 e6 2. d4 d5 3. Nd2 Be7 4. Ngf3 Nf6 5. e5 Nfd7 6. Bd3 c5 7. c3 Nc6 8. b3 f6 9. exf6 Bxf6 10. O-O O-O
11. Ba3 e5 12. dxe5 Ndxe5 13. Be2 Qa5 14. Bb2 Ng6 15. Bd3 Nf4 16. Qc2 g6 17. Rfe1 Bd7 18. Bf1 Rae8 19. g3 Bf5 20. Qc1 Nh3+
21. Bxh3 Bxh3 22. Rxe8 Rxe8 23. c4 d4 24. a3 Qd8 25. Ne1 Re2 26. Qd1 Qe7 27. Ndf3 Rxf2 28. Kxf2 Qe3#
0-1

[Event "Spring Scrapper"]
[Site "SchemingMind.com"]
[Date "2015.05.14"]
[Round "-"]
[White "Gerrish Gray"]
[Black "David Hartley"]
[Result "1-0"]
[WhiteCountry "ENG"]
[BlackCountry "ENG"]
[WhiteElo "2104"]
[WhiteRD "96"]
[BlackElo "1793"]
[BlackRD "61"]
[GameID "379768"]

1. d4 d5 2. c4 e6 3. Nc3 Nf6 4. cxd5 Nxd5 5. e4 Nxc3 6. bxc3 Nc6 7. Nf3 Bd6 8. e5 Be7 9. Bd3 Bd7 10. O-O O-O
11. Qc2 g6 12. Re1 Re8 13. Re4 f6 14. exf6 Bxf6 15. Bf4 Ne7 16. Rae1 Nd5 17. h4 Nxf4 18. Rxf4 Qe7 19. Bxg6 hxg6 20. Qxg6+ Bg7
21. Ng5
1-0

[Event "Spring Scrapper"]
[Site "SchemingMind.com"]
[Date "2015.05.12"]
[Round "-"]
[White "emvarela"]
[Black "Gerrish Gray"]
[Result "0-1"]
[WhiteCountry "ARG"]
[BlackCountry "ENG"]
[WhiteElo "1735"]
[WhiteRD "50"]
[BlackElo "2142"]
[BlackRD "92"]
[GameID "379769"]

1. e4 e6 2. d4 d5 3. Nc3 Bb4 4. e5 c5 5. a3 Bxc3+ 6. bxc3 Ne7 7. Nf3 Nbc6 8. Bb5 cxd4 9. Nxd4 O-O 10. Bxc6 bxc6
11. Bg5 Qc7 12. Bxe7 Qxe7 13. Qd2 c5 14. Nb3 Ba6 15. O-O-O c4 16. Kb2 Rfb8 17. Ka2 cxb3+ 18. cxb3 Rxb3 19. Kxb3 Rb8+ 20. Kc2 Qxa3
0-1

[Event "Spring Scrapper"]
[Site "SchemingMind.com"]
[Date "2015.05.12"]
[Round "-"]
[White "Gerrish Gray"]
[Black "emvarela"]
[Result "1-0"]
[WhiteCountry "ENG"]
[BlackCountry "ARG"]
[WhiteElo "2142"]
[WhiteRD "92"]
[BlackElo "1735"]
[BlackRD "50"]
[GameID "379770"]

1. d4 d5 2. c4 e6 3. Nc3 Nf6 4. cxd5 Nxd5 5. e4 Nxc3 6. bxc3 c5 7. Rb1 cxd4 8. cxd4 Qc7 9. Bd2 b6 10. Nf3 Bd7
11. Bd3 Nc6 12. O-O Be7 13. Rc1 Qb7 14. Bf4 O-O 15. d5 exd5 16. exd5 Nb4 17. Rc7 Qxd5 18. Rxd7
1-0

[Event "Spring Scrapper"]
[Site "SchemingMind.com"]
[Date "2015.05.12"]
[Round "-"]
[White "Scooter"]
[Black "Gerrish Gray"]
[Result "0-1"]
[WhiteCountry "USA"]
[BlackCountry "ENG"]
[WhiteElo "1726"]
[WhiteRD "46"]
[BlackElo "2069"]
[BlackRD "100"]
[GameID "379771"]

1. d4 e6 2. Nf3 Nf6 3. Bg5 c5 4. c3 h6 5. Bxf6 Qxf6 6. e3 Nc6 7. Bb5 a6 8. Bxc6 bxc6 9. O-O Rb8 10. b3 cxd4
11. cxd4 c5 12. Nc3 Bb7 13. dxc5 Qxc3
0-1

[Event "Spring Scrapper"]
[Site "SchemingMind.com"]
[Date "2015.05.12"]
[Round "-"]
[White "Gerrish Gray"]
[Black "Scooter"]
[Result "1-0"]
[WhiteCountry "ENG"]
[BlackCountry "USA"]
[WhiteElo "2015"]
[WhiteRD "110"]
[BlackElo "1716"]
[BlackRD "45"]
[GameID "379772"]

1. d4 Nf6 2. c4 g6 3. Nc3 Bg7 4. e4 d6 5. h3 O-O 6. Bg5 e5 7. dxe5 dxe5 8. Qxd8 Rxd8 9. Nd5 Nbd7 10. Rd1 c6
11. Nxf6+
1-0

[Event "Spring Scrapper"]
[Site "SchemingMind.com"]
[Date "2015.05.12"]
[Round "-"]
[White "kenneth m day"]
[Black "Gerrish Gray"]
[Result "0-1"]
[WhiteCountry "USA"]
[BlackCountry "ENG"]
[WhiteElo "1662"]
[WhiteRD "51"]
[BlackElo "2142"]
[BlackRD "92"]
[GameID "379773"]

1. e4 e6 2. d4 d5 3. Nc3 Bb4 4. e5 c5 5. Qg4 Ne7 6. dxc5 Bxc3+ 7. bxc3 Qa5 8. Bd2 Ng6 9. h4 h5 10. Qg5 Nd7
11. Nf3 Nxc5 12. Be2 Ne4 13. Qe3 b6 14. c4 Nxd2 15. Nxd2 d4 16. Qxd4 Bb7 17. O-O Rd8 18. Qe3 Qxd2 19. Qxd2 Rxd2 20. Bd3 Nxh4
21. Rad1 Rxd1 22. Rxd1 Bxg2 23. Kh2 Bc6 24. Be2 Ng6 25. Rd6 Nxe5 26. f4 Ng4+ 27. Kg3 Be4 28. Bd3 Ke7 29. Rd4 Bxd3 30. cxd3 h4+
31. Kh3 Nf2+ 32. Kg2 h3+ 33. Kh2 Ng4+ 34. Kh1 h2
0-1

[Event "Spring Scrapper"]
[Site "SchemingMind.com"]
[Date "2015.05.12"]
[Round "-"]
[White "Gerrish Gray"]
[Black "kenneth m day"]
[Result "1-0"]
[WhiteCountry "ENG"]
[BlackCountry "USA"]
[WhiteElo "2104"]
[WhiteRD "96"]
[BlackElo "1692"]
[BlackRD "52"]
[GameID "379774"]

1. d4 d5 2. c4 Nc6 3. Nf3 Bg4 4. Nc3 Nf6 5. cxd5 Nxd5 6. e4 Nxc3 7. bxc3 e6 8. Rb1 b6 9. Bb5 Qd7 10. Qa4 O-O-O
11. Bxc6 Qd6 12. Qa6+
1-0

[Event "Spring Scrapper"]
[Site "SchemingMind.com"]
[Date "2015.05.13"]
[Round "-"]
[White "Simon Green"]
[Black "Gerrish Gray"]
[Result "0-1"]
[WhiteCountry "ENG"]
[BlackCountry "ENG"]
[WhiteElo "1571"]
[WhiteRD "55"]
[BlackElo "2069"]
[BlackRD "100"]
[GameID "379775"]

1. d4 e6 2. e3 c5 3. c3 Nf6 4. Bd3 d5 5. f4 Bd6 6. Nf3 O-O 7. O-O b6 8. Nbd2 Nc6 9. Qe1 Qc7 10. Ne5 Bb7
11. b3 cxd4 12. exd4 Nxe5 13. fxe5 Qxc3 14. Nf3 Qxd3 15. Be3 Ng4 16. Bf2 Be7 17. Rd1 Qe4 18. h3 Qxe1 19. Nxe1 Nxf2 20. Rxf2 Rac8
21. Rc2 Rxc2 22. Nxc2 Rc8 23. Ne3 Bg5 24. Ng4 Ba6 25. Kh2 h5 26. Nf2 Bf4+ 27. g3 Be3
0-1

[Event "Spring Scrapper"]
[Site "SchemingMind.com"]
[Date "2015.05.12"]
[Round "-"]
[White "Gerrish Gray"]
[Black "Simon Green"]
[Result "1-0"]
[WhiteCountry "ENG"]
[BlackCountry "ENG"]
[WhiteElo "2104"]
[WhiteRD "96"]
[BlackElo "1559"]
[BlackRD "51"]
[GameID "379776"]

1. d4 e6 2. c4 d5 3. Nc3 Nf6 4. cxd5 exd5 5. Bg5 Be7 6. e3 O-O 7. Bd3 Nc6 8. Rc1 Be6 9. Nge2 Qd7 10. O-O Bf5
11. Bxf5 Qxf5 12. Bxf6 Bxf6 13. Qb3 b6 14. Qxd5 Ne7 15. Qxf5 Nxf5 16. Nd5 Bd8 17. Nxc7 Bxc7 18. Rxc7 Rfc8 19. Rfc1 Nd6 20. f3 b5
21. e4 Nc4 22. Rxc8+ Rxc8 23. b3 Nb6 24. Rxc8+ Nxc8 25. d5 Kf8 26. Kf2 Ke7 27. Ke3 f6 28. Nd4 a6 29. Ne6 Kf7 30. Nc7 Ke7
31. Kd4 Kd6 32. Ne8+ Ke7 33. Nxg7 Kd6 34. Ne8+ Ke7 35. Nc7
1-0

[Event "Spring Scrapper"]
[Site "SchemingMind.com"]
[Date "2015.05.13"]
[Round "-"]
[White "Stephen Woodhouse"]
[Black "Gerrish Gray"]
[Result "0-1"]
[WhiteCountry "ENG"]
[BlackCountry "ENG"]
[WhiteElo "1872"]
[WhiteRD "48"]
[BlackElo "2104"]
[BlackRD "96"]
[GameID "379777"]

1. e4 e6 2. d4 d5 3. Nd2 Nf6 4. e5 Nfd7 5. f4 c5 6. c3 Nc6 7. Ndf3 Qb6 8. g3 Be7 9. Kf2 O-O 10. Kg2 f6
11. Bd3 cxd4 12. cxd4 Nb4 13. Bb1 Nc6 14. Ne2 Qd8 15. Qd3 f5 16. Bd2 Nb6 17. g4 Nc4 18. a3 Nxb2 19. Qc2 Nc4 20. gxf5 exf5
21. Kf2 Nxa3 22. Qd1 Nc4 23. Rg1 b5 24. Ng5 Qb6 25. Be3 b4 26. Qf1 b3 27. Qg2 Nb4 28. Ne6 Bh4+ 29. Kf3 g5 30. Nxg5 Qg6
31. Ng3 h6 32. Nh3 Qg4+ 33. Kf2 Bd7 34. Qf3 Qxh3
0-1

[Event "Spring Scrapper"]
[Site "SchemingMind.com"]
[Date "2015.05.12"]
[Round "-"]
[White "Gerrish Gray"]
[Black "Stephen Woodhouse"]
[Result "1-0"]
[WhiteCountry "ENG"]
[BlackCountry "ENG"]
[WhiteElo "2069"]
[WhiteRD "100"]
[BlackElo "1834"]
[BlackRD "49"]
[GameID "379778"]

1. d4 e6 2. c4 d5 3. Nc3 c5 4. cxd5 exd5 5. Nf3 Nc6 6. Bf4 Nf6 7. e3 Bd6 8. Bxd6 Qxd6 9. Nb5 Qe7 10. dxc5 O-O
11. Rc1 Bg4 12. Be2 Ne4 13. O-O Rfd8 14. Nfd4 Bxe2 15. Qxe2 Nxc5 16. Nxc6 bxc6 17. Nd4 Rac8 18. Qc2 Ne6 19. Nxc6 Qc7 20. Qd2 Re8
21. Qxd5 Nd8 22. Ne7+
1-0

[Event "Spring Scrapper"]
[Site "SchemingMind.com"]
[Date "2015.05.13"]
[Round "-"]
[White "jerryface"]
[Black "Gerrish Gray"]
[Result "0-1"]
[WhiteCountry "USA"]
[BlackCountry "ENG"]
[WhiteElo "1512"]
[WhiteRD "72"]
[BlackElo "2104"]
[BlackRD "96"]
[GameID "379779"]

1. e4 e6 2. d4 d5 3. e5 c5 4. c3 Nc6 5. Nf3 Nh6 6. Bb5 Nf5 7. Bg5 Qb6 8. a4 a6 9. Bxc6+ bxc6 10. O-O Qxb2
11. Na3 Qxc3 12. g4 Nxd4 13. Nxd4 cxd4 14. f3 Bxa3 15. Bd2 Qd3 16. f4 Bb2 17. Ra2 Rb8 18. Rf3 Qe4 19. Bc1 Bxc1 20. Kg2 Be3
0-1

[Event "Spring Scrapper"]
[Site "SchemingMind.com"]
[Date "2015.05.12"]
[Round "-"]
[White "Gerrish Gray"]
[Black "jerryface"]
[Result "1-0"]
[WhiteCountry "ENG"]
[BlackCountry "USA"]
[WhiteElo "2069"]
[WhiteRD "100"]
[BlackElo "1644"]
[BlackRD "84"]
[GameID "379780"]

1. d4 d5 2. c4 Nf6 3. cxd5 Nxd5 4. Nf3 Nc6 5. e4 Nf6 6. d5 Nb4 7. Qa4+ Nc6 8. dxc6 b6 9. Nc3 a6 10. Bf4 b5
11. Nxb5 axb5 12. Qxa8 Nxe4 13. Rd1
1-0

[Event "Spring Scrapper"]
[Site "SchemingMind.com"]
[Date "2015.05.13"]
[Round "-"]
[White "Helga1946"]
[Black "Gerrish Gray"]
[Result "1/2-1/2"]
[WhiteCountry "GER"]
[BlackCountry "ENG"]
[WhiteElo "2276"]
[WhiteRD "72"]
[BlackElo "2142"]
[BlackRD "92"]
[GameID "379781"]

1. e4 e6 2. d4 d5 3. Nd2 Nf6 4. e5 Nfd7 5. Bd3 c5 6. c3 Nc6 7. Ne2 cxd4 8. cxd4 f6 9. Nf4 Nxd4 10. Qh5+ Ke7
11. exf6+ Nxf6 12. Ng6+ hxg6 13. Qxh8 Kf7 14. O-O e5 15. Nb3 Nxb3 16. axb3 Be6 17. Bg5 e4 18. Be2 Qb6 19. Rac1 Qxb3 20. h3 Qb6
21. Bxf6 Kxf6 22. Bg4 Bxg4 23. Qh4+ g5 24. Qxg4 Qe6 25. Rc7 Rb8 26. Rd1 a5 27. Qh5 Bd6 28. Rc2 Rd8 29. h4 Qf5 30. Qxg5+ Qxg5
31. hxg5+ Ke5 32. Kf1 g6 33. f4+ Ke6 34. g3 a4 35. Rd4 Ra8 36. Kg2 Ra5 37. Rcd2 a3 38. bxa3 Bxa3 39. Ra2 b5 40. Rd1 b4
41. Rc2 b3 42. Rc6+ Bd6 43. Rb6 Ra2+ 44. Kf1 Rh2 45. Rxb3 Rh1+ 46. Ke2 Rh2+ 47. Ke1 Bc5 48. f5+ gxf5 49. g6=
1/2-1/2

[Event "Spring Scrapper"]
[Site "SchemingMind.com"]
[Date "2015.05.13"]
[Round "-"]
[White "Gerrish Gray"]
[Black "Helga1946"]
[Result "1/2-1/2"]
[WhiteCountry "ENG"]
[BlackCountry "GER"]
[WhiteElo "2142"]
[WhiteRD "92"]
[BlackElo "2276"]
[BlackRD "72"]
[GameID "379782"]

1. d4 d5 2. c4 e6 3. Nc3 c5 4. cxd5 exd5 5. Nf3 Nf6 6. Bg5 cxd4 7. Nxd4 Be7 8. e3 O-O 9. Bb5 h6 10. Bxf6 Bxf6
11. O-O Qd6 12. Rc1 a6 13. Ba4 Rd8 14. Qd3 Nd7 15. Bc2 g6 16. Rfd1 Ne5 17. Qe2 b5 18. e4 Bb7 19. Nxd5 Nc4 20. Bb3 Bxd5
21. exd5 Re8 22. Qf1 Nxb2 23. Rc6 Qd8 24. Rd2 Nc4 25. Bxc4 bxc4 26. Rd1 c3 27. h3 Bg7 28. Nc2 Qa5 29. Qc4 Qb5 30. d6 Qxc4
31. Rxc4 Red8 32. Kf1 Rab8 33. a4 a5 34. d7 Kf8 35. Ne3 Rb7 36. Rc8 Bf6 37. Ke2 Rb2+ 38. Kf3 Ke7 39. Rc7 Rd2 40. Rxd2 cxd2
41. Ke2 Kd6 42. Rc2 d1=Q+ 43. Kxd1 Rxd7 44. Rd2+ Ke7=
1/2-1/2